000
00298nam a22001337a 4500
008
190305b xxu||||| |||| 00| 0 eng d
020
_a
2740319182056
041
_a
eng
080
_a
311
100
_a
53
101
_a
STA
245
_a
The essentials of Statistics
_c
Healey,J.F
942
_2
udc
_c
BK
999
_c
54584
_d
54584